English in focus English in Agriculture
Сохранить в:
| Главный автор: | |
|---|---|
| Формат: | |
| Язык: | Undetermined |
| Опубликовано: |
Oxford
Oxford University Press
1977
|
| Предметы: | |
| Метки: |
Добавить метку
Нет меток, Требуется 1-ая метка записи!
|
| Thư viện lưu trữ: | Trung tâm Học liệu Trường Đại học Cần Thơ |
|---|
| LEADER | 00612nam a2200193Ia 4500 | ||
|---|---|---|---|
| 001 | CTU_118740 | ||
| 008 | 210402s9999 xx 000 0 und d | ||
| 082 | |a 428.34 | ||
| 082 | |b M928/Cas.2 | ||
| 100 | |a Mountford, Alan | ||
| 245 | 0 | |a English in focus English in Agriculture | |
| 245 | 0 | |c Alan Mountford | |
| 260 | |a Oxford | ||
| 260 | |b Oxford University Press | ||
| 260 | |c 1977 | ||
| 650 | |a English language,English language,Listening | ||
| 650 | |x Study and teaching,Textbooks for foreign speakers,Problems, exercises, etc | ||
| 904 | |i M.Loan | ||
| 980 | |a Trung tâm Học liệu Trường Đại học Cần Thơ | ||